00242nam a2200097 a 450000500170000000800410001705000170005810000150007524500170009026000370010720140414132013.0110314s19uu xx 00 eng d aTRbF32 1995 aBerry, Joy aFeeling sad. aNew York :bScholastic ,c1995.